000 00433cam a2200181ua 4500
020 _c65
041 _aeng
_h
082 _a025.42
_bSAT/PR
100 _aSatija, M P .
245 _aPrimere on ranganrathan book unmber /
_cM P Satija.
_hTextual Documents
250 _a1 /
_b.
260 _aDelhi :
_bMittal Publications ,
_c1987.
300 _a86 ; .
365 _a65
504 _a
942 _cBK
999 _c3272
_d3272